| 000 | 01372nam a2200265Ia 4500 | ||
|---|---|---|---|
| 000 | 01865naaa 00361uu | ||
| 001 | https://directory.doabooks.org/handle/20.500.12854/63717 | ||
| 005 | 20260218105521.0 | ||
| 008 | 211013s9999 xx 000 0 und d | ||
| 024 | _a10.1515/9783110689112 | ||
| 042 | _adc | ||
| 245 | 0 | _aAnnotations in Scholarly Editions and Research : Functions, Differentiation, Systematization | |
| 260 |
_aBerlin/Boston _bDe Gruyter _c2020 |
||
| 300 | _a1 electronic resource (399 p.) | ||
| 520 | _aThe notion of annotation is associated in the Humanities and Information Sciences with different concepts that vary in coverage, application and direction of impact, but have conceptual parallels as well. This publication reflects on different practices and associated concepts of annotation, puts them in relation to each other and attempts to systematize their commonalities and divergences in an interdisciplinary perspective. | ||
| 540 | _aCreative Commons | ||
| 653 | _aAnnotation | ||
| 700 | 1 | _aNantke, Julia | |
| 700 | 1 | _aNantke, Julia | |
| 700 | 1 | _aSchlupkothen, Frederik | |
| 700 | 1 | _aSchlupkothen, Frederik | |
| 856 |
_uhttps://docs.google.com/spreadsheets/d/1yKIrdCPDAG_9c22mwoOIO2DOhtj65Wqa/edit?usp=sharing&ouid=106555315294820607512&rtpof=true&sd=true _yList of Curated E-Books |
||
| 942 | _cE-BOOK | ||
| 999 |
_c89517 _d89514 |
||